Normal view
MARC view
Entry Personal Name
001 - CONTROL NUMBER
- control field: 875089
003 - CONTROL NUMBER IDENTIFIER
- control field: OSt
005 - DATE AND TIME OF LATEST TRANSACTION
- control field: 20260114185837.0
008 - FIXED-LENGTH DATA ELEMENTS
- fixed length control field: 260114|| aca||aabn | a|a d
040 ## - CATALOGING SOURCE
- Original cataloging agency: OSt
- Transcribing agency: OSt
100 ## - HEADING--PERSONAL NAME
- Personal name: Alexandra Palmer and Hazel Clark
670 ## - SOURCE DATA FOUND
- Source citation: Work cat.: (OSt)1474023: Alexandra Palmer and Hazel Clark, Old Clothes, New Looks Second-Hand Fashion, 2010
